2023-24 FIFA PREMIER LEAGUE PLAYER BY PICTURE #2 - Statistics

General Stats
  • This quiz has been taken 87 times
  • The average score is 7 of 8
Answer Stats
Picture Answer % Correct
Phil Foden
100%
Emiliano Martínez
95%
Luis Díaz
93%
Casemiro
92%
Lucas Paquetá
84%
Moussa Diaby
82%
Antonee Robinson
57%
Harry Wilson
49%
No matching quizzes found
Score Distribution
Percent of People with Each Score
Percentile by Number Answered
Your Score History
You have not taken this quiz